Automatic tool changer for vertical machining centre (Record no. 256175)

MARC details
000 -LEADER
fixed length control field 00434nam a2200145Ia 4500
008 - FIXED-LENGTH DATA ELEMENTS--GENERAL INFORMATION
fixed length control field 240126s9999 xx 000 0 und d
041 ## - LANGUAGE CODE
Language code of text/sound track or separate title English
082 ## - DEWEY DECIMAL CLASSIFICATION NUMBER
Classification number PRME90-200
100 ## - MAIN ENTRY--PERSONAL NAME
Personal name Bagewadi, Deepak C Pawashe, Satish A Gaidole, Uday M Anadani, Dinesh
245 #0 - TITLE STATEMENT
Title Automatic tool changer for vertical machining centre
Remainder of title Patil H G Gombi S L
260 ## - PUBLICATION, DISTRIBUTION, ETC.
Name of publisher, distributor, etc. GIT, Belgaum
440 ## - SERIES STATEMENT/ADDED ENTRY--TITLE
Title NULL
650 ## - SUBJECT ADDED ENTRY--TOPICAL TERM
Topical term or geographic name entry element Tool changer
942 ## - ADDED ENTRY ELEMENTS (KOHA)
Koha item type Project Reports
Holdings
Date last seen Total checkouts Full call number Accession number Volume/Issue Number Price effective from Category Public note Lost status Damaged status Department Withdrawn status Home library Current library Entry date Billdate Currency symbol Conversion rate Discount Old discount
26/01/2024   PRME90-200 PR611 (12/06/1905) 26/01/2024 Project Reports KSCST     Central Library   Central Library Central Library   04/03/2011 RS 1   1

© For any Suggestions or Query, please contact the library staff @ librarian@pes.edu or Phone: +9180 2672 1983/ 2108.